01530nam a2200361Ia 4500001001200000003000800012006001900020007001500039008004100054010001700095020004000112020004300152020001800195040002100213035002100234050002600255100002900281245011000310260005800420300001500478504006400493533015200557630005900709630006000768650002300828650003000851650001100881650008700892655002900979710001701008856012601025999001701151ebr10574062CaPaEBRm u cr cn|||||||||110217s2011 nyu sb 001 0 eng d z 2011007661 z1438439512 (hardcover : alk. paper) z9781438439518 (hardcover : alk. paper) z9781438439532 aCaPaEBRcCaPaEBR a(OCoLC)77536093014aBM645.D45bO75 2011eb1 aOrlov, Andrei A.,d1960-10aDark mirrorsh[electronic resource] :bAzazel and Satanael in early Jewish demonology /cAndrei A. Orlov. aAlbany :bState University of New York Press,cc2011. axv, 201 p. aIncludes bibliographical references (p. 179-196) and index. aElectronic reproduction.bPalo Alto, Calif. :cebrary,d2011.nAvailable via World Wide Web.nAccess may be limited to ebrary affiliated libraries.00aApocalypse of AbrahamxCriticism, interpretation, etc.00aSlavonic book of EnochxCriticism, interpretation, etc. 0aJewish demonology. 0aAzazel (Jewish mythology) 0aDevil. 0aApocryphal books (Old Testament)xTranslations into SlavicxHistory and criticism. 7aElectronic books.2local2 aebrary, Inc.40uhttp://site.ebrary.com/lib/rucke/Doc?id=10574062zAn electronic book accessible through the World Wide Web; click to view c78754d78754